000
00177nam a2200073Ia 4500
008
170817s9999 xx 000 0 und d
100
_a
VASISHTHA KAMAL
245
0
_a
PRYAVARAN SIKSHA
260
_b
UNIVERSITY BOOK
999
_c
36752
_d
36752